| 000 | 00882aam a2200313 4500 | ||
|---|---|---|---|
| 005 | 20211210150247.0 | ||
| 008 | 150626b xxu||||| |||| 00| 0 spa d | ||
| 041 | _aEspañol | ||
| 082 | _a657 H816c | ||
| 100 |
_aHorngren, Charles T _94409 |
||
| 100 |
_aHarrison Jr., Walter T _94410 |
||
| 245 | _aContabilidad | ||
| 260 | _aMéxico | ||
| 260 | _bPearson Educación | ||
| 260 | _c2010 | ||
| 300 | _a896 páginas | ||
| 650 |
_aCONTABILIDAD _92655 |
||
| 650 |
_aCICLO CONTABLE _92689 |
||
| 650 |
_aSISTEMAS DE INFORMACION _912 |
||
| 650 |
_aCONTROL INTERNO _9762 |
||
| 650 |
_aCUENTAS POR COBRAR _94411 |
||
| 650 |
_aOPERACIONES COMERCIALES _94412 |
||
| 650 |
_aINVENTARIO DE MERCANCIAS _94413 |
||
| 650 |
_aACTIVOS DE PLANTA _94414 |
||
| 650 |
_aPASIVOS CIRCULANTES _94415 |
||
| 650 |
_aBALANCE GENERAL _92665 |
||
| 650 |
_aESTADO DE RESULTADOS _92670 |
||
| 942 | _cBK | ||
| 999 |
_c1509 _d1509 |
||